000 00309nam a22001337a 4500
008 181009b xxu||||| |||| 00| 0 eng d
020 _a0030295580
041 _aeng
080 _a510
100 _a36
101 _aMAT
245 _aAn Introduction to the History of Mathematics
_cEves, H
942 _2udc
_cBK
999 _c49174
_d49174